Loading...
| Fine Arts - Other | 0 | 4 | 1 | 1 | 35 | 87 | 123.50 | 1 | 4 | 0.00 | 0.00 |
| Religion | 0 | 3 | 0 | 2 | 30 | 116 | 127.00 | 1 | 3 | 0.00 | 0.00 |
| Mythology | 0 | 3 | 0 | 0 | 30 | 50 | 77.00 | 2 | 3 | 0.00 | 0.00 |
| History - Other | 0 | 2 | 0 | 1 | 20 | 121 | 130.00 | 1 | 2 | 0.00 | 0.00 |
| History - World | 0 | 2 | 0 | 0 | 20 | 57 | 73.00 | 1 | 2 | 0.00 | 0.00 |
| Fine Arts - Painting and Sculpture | 0 | 2 | 0 | 0 | 20 | 93 | 99.50 | 2 | 2 | 0.00 | 0.00 |
| Social Science | 0 | 2 | 0 | 1 | 20 | 104 | 112.00 | 0 | 2 | 0.00 | 0.00 |
| History - European | 0 | 2 | 1 | 1 | 15 | 95 | 114.00 | 1 | 2 | 0.00 | 0.00 |
| Literature - British | 0 | 1 | 0 | 0 | 10 | 124 | 124.00 | 0 | 1 | 0.00 | 0.00 |
| Geography | 0 | 1 | 0 | 1 | 10 | 135 | 135.00 | 1 | 1 | 0.00 | 0.00 |
| History - American | 0 | 1 | 0 | 0 | 10 | 96 | 96.00 | 0 | 1 | 0.00 | 0.00 |
| Fine Arts - Classical Music | 0 | 1 | 0 | 0 | 10 | 135 | 135.00 | 0 | 1 | 0.00 | 0.00 |
| Literature - European | 0 | 1 | 0 | 0 | 10 | 43 | 43.00 | 1 | 1 | 0.00 | 0.00 |
| Other Academic | 0 | 1 | 0 | 1 | 10 | 129 | 129.00 | 0 | 1 | 0.00 | 0.00 |
| Philosophy | 0 | 1 | 1 | 1 | 5 | 92 | 92.00 | 0 | 1 | 0.00 | 0.00 |
| Science - Biology | 0 | 0 | 1 | 0 | -5 | 0.00 | 0 | 0 | 0.00 | 0.00 | |
| Literature - World | 0 | 0 | 1 | 0 | -5 | 0.00 | 0 | 0 | 0.00 | 0.00 |